Ч. 2 : Карбоциклические и гетероциклические соединения; Курс органической химии

Bibliographic Details
Parent link:Курс органической химии: Учебник: В 2 частях/ Б. Н. Степаненко. Ч. 2 : Карбоциклические и гетероциклические соединения.— 6-е изд..— , 1981
Language:Russian
Published: 1981
Subjects:
Format: Book
KOHA link:https://koha.lib.tpu.ru/cgi-bin/koha/opac-detail.pl?biblionumber=36235

MARC

LEADER 00000nam2a2200000 4500
001 36235
005 20231101210346.0
035 |a (RuTPU)RU\TPU\book\36705 
035 |a BOOK00003357 
090 |a 36235 
100 |a 20011210d1981 m y0rusy50 ca 
101 0 |a rus 
102 |a RU 
105 |a a j 001|y 
200 0 |a Ч. 2 : Карбоциклические и гетероциклические соединения 
210 |d 1981 
215 |a 302 с.  |c ил. 
461 1 |0 (RuTPU)RU\TPU\book\71356  |t Курс органической химии  |o Учебник: В 2 частях  |f Б. Н. Степаненко  |v Ч. 2 : Карбоциклические и гетероциклические соединения  |e 6-е изд.  |d 1981 
606 1 |a Органическая химия  |2 stltpush  |3 (RuTPU)RU\TPU\subj\47309  |9 66362 
610 1 |a карбоциклические соединения 
610 1 |a гетероциклические соединения 
610 1 |a исследования 
610 1 |a теория 
610 1 |a квантовая механика 
610 1 |a учебные пособия 
675 |a 547(075.8)  |v 3 
801 0 |a RU  |b 63413507  |c 20011210  |g PSBO 
801 2 |a RU  |b 63413507  |c 20160630  |g PSBO 
900 |a Органическая химия 
942 |c BK